[Event "5th IECC"]
[Site "Antalya"]
[Date "2004.05.17"]
[Round "3"]
[White "Agrest, Evgenij"]
[Black "Milov, Vadim"]
[Result "1/2-1/2"]
[WhiteElo "2601"]
[BlackElo "2680"]
[PlyCount "75"]
[EventDate "2004.05.15"]
[Source "Roberto Alvarez"]
[SourceDate "2004.05.31"]

1. Nf3 Nf6 2. c4 e6 3. Nc3 d5 4. d4 Bb4 5. e3 O-O 6. Bd3 c5 7. O-O Nc6 8. a3 Ba5 9. cxd5 exd5 10. dxc5 Bxc3 11. bxc3 Bg4 12. c4 Ne5 13. Bb2 Nxf3+ 14. gxf3 Bh3 15. cxd5 Qxd5 16. Bxf6 gxf6 17. Kh1 Rfd8 18. Rg1+ Kh8 19. Be2 Qxc5 20. Qa4 Bf5 21. Qh4 Qe7 22. e4 Bg6 23. Bc4 Rac8 24. Bd5 Rc3 25. Rg3 Rdc8 26. Rag1 Rc1 27. Qf4 Rxg1+ 28. Kxg1 b6 29. Kg2 Rg8 30. a4 Qe5 31. Qe3 Re8 32. Qh6 Rg8 33. Qe3 Qd6 34. h4 Qe7 35. Kh2 Qd6 36. Kg2 Qe7 37. Kh2 Qd6 38. Kg2 1/2-1/2

[Event "Bled SLO"]
[Site "?"]
[Date "2002.10.30"]
[Round "5"]
[White "Alexandrov Alexei BLR"]
[Black "Lutz Christopher GER"]
[Result "1/2-1/2"]
[WhiteElo "2621"]
[BlackElo "2645"]
[PlyCount "86"]
[EventDate "2002.??.??"]
[Source "www.chesslib.no"]
[SourceDate "2004.05.04"]

1. d4 Nf6 2. c4 e6 3. Nc3 Bb4 4. e3 O-O 5. Bd3 d5 6. Nf3 c5 7. O-O Nc6 8. cxd5 exd5 9. dxc5 Bxc5 10. b3 a6 11. Bb2 Ba7 12. Rc1 Bg4 13. h3 Bxf3 14. Qxf3 Ne5 15. Qe2 Nxd3 16. Qxd3 d4 17. exd4 Qxd4 18. Qf3 Qb4 19. Ne2 Qe4 20. Bxf6 Qxf3 21. gxf3 gxf6 22. Rc7 Rab8 23. Rd1 Rfc8 24. Rdd7 Rxc7 25. Rxc7 Bb6 26. Rd7 Kf8 27. Ng3 Ke8 28. Rd6 Bc7 29. Rxf6 Rd8 30. Ne4 Rd1+ 31. Kg2 Ra1 32. a4 Rb1 33. Nc5 a5 34. Rh6 b6 35. Ne4 Rxb3 36. Nf6+ Kf8 37. Nd5 Bd8 38. Rxh7 Kg8 39. Rh6 b5 40. Ra6 bxa4 41. Ra8 Kg7 42. Rxd8 Rd3 43. Rc8 Rxd5 1/2-1/2

[Event "Tilburg"]
[Site "?"]
[Date "1987.??.??"]
[Round "?"]
[White "Kortchnoi, V."]
[Black "Ljubojevic, Lj"]
[Result "1-0"]
[WhiteElo "2630"]
[BlackElo "2625"]
[PlyCount "77"]
[EventDate "1987.??.??"]
[Source "ChessBase"]
[SourceDate "1987.07.01"]

1. d4 Nf6 2. c4 e6 3. Nc3 Bb4 4. e3 O-O 5. Bd3 d5 6. Nf3 c5 7. O-O Nc6 8. a3 Ba5 9. h3 dxc4 10. Bxc4 Bd7 11. Bd3 Qe7 12. Ne4 Nxe4 13. Bxe4 cxd4 14. exd4 h6 15. b4 Bb6 16. b5 Na5 17. a4 Rfd8 18. Ba3 Qf6 19. Bb4 Qf4 20. Bb1 a6 21. Qd3 g6 22. Bd2 Qf5 23. Qe3 Qh5 24. Ne5 axb5 25. Bxa5 Bxa5 26. Qf4 Be8 27. Ng4 Kf8 28. Nf6 g5 29. Qe5 Qh4 30. Ng4 Bb6 31. Qh8+ Ke7 32. Qf6+ Kf8 33. Rd1 Bc7 34. Ra3 h5 35. g3 Qxh3 36. Nh6 h4 37. Bf5 Be5 38. Qxe5 exf5 39. Re3 1-0

[Event "Camp. spagnolo a squadre - Gruppo I"]
[Site "Cala Mayor SPA"]
[Date "2008.09.07"]
[Round "5"]
[White "Aleksandrov, A."]
[Black "Akopian, Vl"]
[Result "1/2-1/2"]
[WhiteElo "2574"]
[BlackElo "2673"]
[PlyCount "25"]
[EventDate "2008.09.03"]
[Source "www.chesslib.no"]
[SourceDate "2004.05.04"]

1. d4 Nf6 2. c4 e6 3. Nc3 Bb4 4. e3 O-O 5. Bd3 d5 6. Nf3 c5 7. O-O Nc6 8. cxd5 exd5 9. dxc5 Bxc5 10. b3 Bg4 11. Be2 Re8 12. Bb2 a6 13. Rc1 1/2-1/2

[Event "Calviá ol (Men)"]
[Site "Mallorca"]
[Date "2004.10.18"]
[Round "4.16"]
[White "Graf, Alexander"]
[Black "Pelletier, Yannick"]
[Result "1/2-1/2"]
[WhiteElo "2646"]
[BlackElo "2589"]
[PlyCount "62"]
[EventDate "2004.10.15"]
[Source "Roberto Alvarez"]
[SourceDate "2004.10.25"]

1. d4 Nf6 2. c4 e6 3. Nc3 Bb4 4. e3 O-O 5. Bd3 c5 6. Nf3 d5 7. O-O Nc6 8. a3 Ba5 9. h3 Qe7 10. Qc2 dxc4 11. Bxc4 cxd4 12. exd4 Rd8 13. Rd1 Bb6 14. Be3 Nd5 15. Nxd5 exd5 16. Ba2 g6 17. Re1 Qd6 18. Qd2 Bc7 19. Bg5 f6 20. Bh4 Qf8 21. Rac1 Bf5 22. g4 Bc8 23. Rc5 Qf7 24. Qh6 Be6 25. Bxf6 Qxf6 26. Ng5 Bf7 27. Qxh7+ Kf8 28. Nxf7 Qxf7 29. Qh8+ Qg8 30. Qf6+ Qf7 31. Qh8+ Qg8 1/2-1/2

[Event "Bundesliga 2003-4"]
[Site "GER"]
[Date "2003.11.23"]
[Round "4.4"]
[White "Sadler, Matthew"]
[Black "Pelletier, Yannick"]
[Result "0-1"]
[WhiteElo "2626"]
[BlackElo "2604"]
[PlyCount "36"]
[EventDate "2003.11.23"]
[Source "Roberto Alvarez"]
[SourceDate "2003.11.24"]

1. d4 Nf6 2. c4 e6 3. Nc3 Bb4 4. e3 O-O 5. Bd3 d5 6. Nf3 c5 7. O-O Nc6 8. a3 Ba5 9. cxd5 exd5 10. dxc5 Bxc3 11. bxc3 Bg4 12. Rb1 Qc8 13. Qc2 Bxf3 14. gxf3 Qh3 15. Be2 Ne5 16. Qd1 Rfd8 17. Rxb7 Ne4 18. Qd4 Ng6 0-1

[Event "XXIV ECC"]
[Site "Kallithea GRE"]
[Date "2008.10.18"]
[Round "2"]
[White "David, Alb"]
[Black "Landa, K."]
[Result "1-0"]
[WhiteElo "2585"]
[BlackElo "2613"]
[PlyCount "149"]
[EventDate "2008.10.17"]
[Source "www.chesslib.no"]
[SourceDate "2004.05.04"]

1. d4 d5 2. c4 e6 3. Nc3 Bb4 4. e3 c5 5. Nf3 Nf6 6. Bd3 O-O 7. O-O Nc6 8. a3 Ba5 9. h3 Qe7 10. Qc2 Rd8 11. cxd5 cxd4 12. dxc6 dxc3 13. b4 Bb6 14. e4 h6 15. Qxc3 bxc6 16. e5 Nd5 17. Qc4 a5 18. Qe4 f5 19. exf6 Nxf6 20. Qxc6 Bb7 21. Qxb6 Rxd3 22. Ne5 Rd6 23. Qe3 axb4 24. Bb2 Rda6 25. axb4 Rxa1 26. Bxa1 Qxb4 27. Ng4 Nxg4 28. Qxe6+ Kh7 29. Qf5+ Kg8 30. hxg4 Qe4 31. Qxe4 Bxe4 32. Rc1 Ra7 33. Be5 Kf7 34. Rc5 Rd7 35. Kh2 Bd5 36. Kg3 Be6 37. f3 Rd8 38. Rc7+ Rd7 39. Rc2 Ra7 40. Bd4 Rd7 41. Be5 Rd5 42. Bb2 Rd7 43. Kf4 Rb7 44. Be5 Bd5 45. Kg3 Re7 46. Bb2 Rb7 47. Kh4 Bb3 48. Rd2 Be6 49. Be5 Rb5 50. Re2 Bc4 51. Re4 Bd3 52. Re3 Rd5 53. g5 Kg6 54. gxh6 Kxh6 55. f4 Rd7 56. g4 g5+ 57. fxg5+ Kg6 58. Rf3 Kh7 59. Rf8 Ra7 60. Bf6 Rb7 61. Rh8+ Kg6 62. Rg8+ Kh7 63. Rd8 Bc2 64. Bd4 Re7 65. Rh8+ Kg6 66. Rh6+ Kf7 67. Rf6+ Kg8 68. g6 Rd7 69. Be5 Re7 70. Bd6 Re1 71. Kg5 Bb3 72. Rf8+ Kg7 73. Rb8 Ba4 74. Bf8+ Kg8 75. Be7+ 1-0

[Event "Calviá ol (Men)"]
[Site "Mallorca"]
[Date "2004.10.26"]
[Round "11.11"]
[White "Dydyshko, Viacheslav"]
[Black "Jobava, Baadur"]
[Result "1/2-1/2"]
[WhiteElo "2581"]
[BlackElo "2614"]
[PlyCount "85"]
[EventDate "2004.10.15"]
[Source "Roberto Alvarez"]
[SourceDate "2004.10.25"]

1. d4 Nf6 2. c4 e6 3. Nc3 Bb4 4. e3 O-O 5. Bd3 d5 6. Nf3 c5 7. O-O Nc6 8. cxd5 exd5 9. dxc5 Bxc5 10. b3 a6 11. Bb2 Ba7 12. h3 d4 13. exd4 Nxd4 14. Ne4 Nxe4 15. Bxe4 Bf5 16. Bxb7 Bc2 17. Qe1 Re8 18. Bxa8 Rxe1 19. Rfxe1 Ne6 20. Rac1 Qxa8 21. Rxc2 h6 22. Be5 Qd5 23. Rd2 Qa5 24. Ree2 Qc5 25. Rd1 Bb6 26. Bg3 Qc3 27. Rdd2 Bc5 28. Be5 Qa5 29. Kh2 Bb4 30. Rd1 Qb5 31. Re4 a5 32. Bg3 Bc5 33. Rd2 Bb4 34. Rde2 Qd5 35. Rc4 Kh7 36. Ree4 Qd1 37. Nd4 Nc5 38. Re3 Nd3 39. Nc2 Nc1 40. Nxb4 axb4 41. Rce4 Nxa2 42. Be5 f6 43. Bb2 1/2-1/2

[Event "Nationale I"]
[Site "Besancon"]
[Date "2003.04.04"]
[Round "5.2"]
[White "Vaisser, Anatoli"]
[Black "Pelletier, Yannick"]
[Result "1/2-1/2"]
[WhiteElo "2563"]
[BlackElo "2624"]
[PlyCount "31"]
[EventDate "2003.04.03"]
[Source "Roberto Alvarez"]
[SourceDate "2003.04.07"]

1. d4 Nf6 2. c4 e6 3. Nc3 Bb4 4. e3 c5 5. Bd3 O-O 6. Nf3 d5 7. O-O Nc6 8. cxd5 exd5 9. dxc5 Bxc5 10. b3 a6 11. Bb2 Re8 12. h3 Ba7 13. Ne2 Ne4 14. Ned4 Qd6 15. Re1 Bd7 16. Nxc6 1/2-1/2

[Event "Amplico AIG Life Gp3"]
[Site "Warsaw"]
[Date "2004.12.19"]
[Round "6"]
[White "Aleksandrov, Aleksej"]
[Black "Balogh, Csaba"]
[Result "0-1"]
[WhiteElo "2659"]
[BlackElo "2527"]
[PlyCount "67"]
[EventDate "2004.12.18"]
[Source "Roberto Alvarez"]
[SourceDate "2004.12.13"]

1. d4 Nf6 2. c4 e6 3. Nc3 Bb4 4. e3 O-O 5. Bd3 d5 6. Nf3 c5 7. O-O Nc6 8. cxd5 exd5 9. dxc5 Bxc5 10. b3 a6 11. Bb2 Bg4 12. h3 Bh5 13. Rc1 Ba7 14. Be2 Rc8 15. Nh4 Bg6 16. Nxg6 hxg6 17. Bf3 d4 18. exd4 Bxd4 19. Qd2 Rc7 20. Qg5 Ne5 21. Be2 Rd7 22. Rc2 Re8 23. Qc1 Nc6 24. a3 Ba7 25. Nd1 Ne4 26. Bxa6 Nd2 27. Rxd2 Rxd2 28. Bxb7 Nd4 29. Kh1 Ne2 30. Qa1 Qc7 31. Bxg7 Bb8 32. f4 Ng3+ 33. Kg1 Qxb7 34. Bh6 0-1

[Event "Tilburg"]
[Site "Tilburg"]
[Date "1977.09.28"]
[Round "5"]
[White "Huebner, Robert"]
[Black "Andersson, Ulf"]
[Result "1-0"]
[WhiteElo "2600"]
[BlackElo "2565"]
[PlyCount "113"]
[EventDate "1977.09.23"]
[Source "ChessBase"]

1. d4 Nf6 2. c4 e6 3. Nc3 Bb4 4. e3 c5 5. Bd3 d5 6. Nf3 O-O 7. O-O dxc4 8. Bxc4 Nc6 9. a3 Ba5 10. Qd3 a6 11. dxc5 Qxd3 12. Bxd3 Bxc3 13. bxc3 Rd8 14. Bc2 Bd7 15. a4 Na5 16. Ne5 Be8 17. Ba3 Rd5 18. f4 Rdd8 19. Bb4 Nc6 20. Nc4 Nd5 21. Rab1 Rab8 22. Rfc1 Kf8 23. Kf2 f6 24. g3 Bg6 25. Bxg6 hxg6 26. e4 Nde7 27. Ba3 Rd7 28. Rc2 Kg8 29. Ke2 Nc8 30. Rcb2 Kh7 31. h4 Kg8 32. Ke3 Kh7 33. g4 Kg8 34. Rg2 N8e7 35. h5 Rbd8 36. Nd6 Na5 37. Kf3 gxh5 38. gxh5 Nc8 39. Bb4 Nc6 40. h6 Nxd6 41. cxd6 Kh7 42. hxg7 Rxg7 43. Rxg7+ Kxg7 44. c4 e5 45. c5 Rd7 46. Bc3 Kf7 47. f5 Ke8 48. Rh1 Rf7 49. Rh6 Nb8 50. Be1 Nd7 51. Bf2 Nf8 52. Ke3 Kd7 53. Bh4 Nh7 54. Kd3 Kc6 55. Kc4 b6 56. cxb6 Kxd6 57. Kb4 1-0

[Event "Campionato europeo 2007"]
[Site "Dresda GER"]
[Date "2007.04.06"]
[Round "4.22"]
[White "Hillarp Persson, Tiger"]
[Black "Landa, Konstantin"]
[Result "1/2-1/2"]
[WhiteElo "2552"]
[BlackElo "2608"]
[PlyCount "83"]
[EventDate "2007.04.03"]
[Source "www.chesslib.no"]
[SourceDate "2004.05.04"]

1. d4 Nf6 2. c4 e6 3. Nc3 Bb4 4. e3 O-O 5. Bd3 d5 6. Nf3 c5 7. O-O Nc6 8. a3 Ba5 9. cxd5 exd5 10. dxc5 Bxc3 11. bxc3 Bg4 12. c4 Ne5 13. Bb2 Nxc4 14. Bxc4 dxc4 15. Qxd8 Rfxd8 16. Rfc1 Bxf3 17. gxf3 Rac8 18. Rxc4 Rc6 19. Rb1 Rd7 20. Bd4 Nd5 21. Ra4 a6 22. Rc4 f6 23. Kf1 Ne7 24. Rb6 Rcc7 25. Ke2 Nc6 26. Bc3 Kf7 27. e4 Rc8 28. Rb2 Rcd8 29. f4 g6 30. h4 f5 31. f3 Ke6 32. Rd2 Rxd2+ 33. Bxd2 Rd4 34. Rxd4 Nxd4+ 35. Kf2 Kd7 36. a4 Ne6 37. Be3 Kc6 38. Ke2 fxe4 39. fxe4 Nxc5 40. Bxc5 Kxc5 41. a5 b5 42. axb6 1/2-1/2

[Event "Moscow RUS"]
[Site "?"]
[Date "2004.02.22"]
[Round "6"]
[White "Korotylev Alexey"]
[Black "Khenkin Igor"]
[Result "1/2-1/2"]
[WhiteElo "2547"]
[BlackElo "2611"]
[PlyCount "22"]
[EventDate "2004.??.??"]
[Source "www.chesslib.no"]
[SourceDate "2004.05.04"]

1. d4 Nf6 2. c4 e6 3. Nc3 Bb4 4. e3 O-O 5. Bd3 d5 6. Nf3 c5 7. O-O Nc6 8. a3 Ba5 9. Na4 cxd4 10. exd4 dxc4 11. Bxc4 h6 1/2-1/2

[Event "FRA Ch Top 16 GpA"]
[Site "?"]
[Date "2005.04.01"]
[Round "5"]
[White "Pinter Jozsef"]
[Black "Landa Konstantin"]
[Result "0-1"]
[WhiteElo "2535"]
[BlackElo "2574"]
[PlyCount "134"]
[EventDate "2005.??.??"]
[Source "www.chesslib.no"]
[SourceDate "2004.05.04"]

1. d4 Nf6 2. c4 e6 3. Nc3 Bb4 4. Nf3 c5 5. e3 O-O 6. Bd3 d5 7. O-O Nc6 8. a3 Ba5 9. cxd5 exd5 10. dxc5 Bxc3 11. bxc3 Bg4 12. c4 Ne5 13. Be2 Nxc4 14. Qd4 Re8 15. Bxc4 Re4 16. Qb2 Bxf3 17. gxf3 Rxc4 18. Qxb7 Rb8 19. Qa6 Rxc5 20. Bd2 Qd7 21. Rab1 Rbc8 22. Rfc1 Rxc1+ 23. Rxc1 Rxc1+ 24. Bxc1 h5 25. Qe2 Qf5 26. Bb2 h4 27. Bxf6 Qxf6 28. Kg2 Qg6+ 29. Kh3 Qe6+ 30. Kg2 Qg6+ 31. Kh3 Qe6+ 32. Kg2 h3+ 33. Kg3 Qd6+ 34. Kxh3 Qxa3 35. Qb5 Qd6 36. Qe8+ Qf8 37. Qc6 Qd8 38. Kg2 g6 39. Qb7 d4 40. exd4 Qxd4 41. Qa6 Qb6 42. Qc8+ Kh7 43. Qc4 Kg7 44. Qc3+ Qf6 45. Qa5 a6 46. h4 Kh6 47. Kg3 g5 48. Qa3 gxh4+ 49. Kg4 Kg6 50. Kh3 Kg5 51. Qe3+ Qf4 52. Qe7+ Kg6 53. Qb7 Qf6 54. Qa8 Kh6 55. Qf8+ Kh5 56. Qa8 Qf5+ 57. Kg2 h3+ 58. Kg3 a5 59. Qh8+ Kg6 60. Qg8+ Kf6 61. Qh8+ Ke7 62. Qh4+ Ke6 63. Qd8 Qh5 64. Kh2 Qxf3 65. Qe8+ Kf6 66. Qd8+ Kg7 67. Qg5+ Kh7 0-1

[Event "ECC"]
[Site "Rethymnon"]
[Date "2003.10.01"]
[Round "4"]
[White "Zvjaginsev, Vadim"]
[Black "Bogdanovski, Vlatko"]
[Result "1-0"]
[WhiteElo "2653"]
[BlackElo "2449"]
[PlyCount "115"]
[EventDate "2003.09.28"]
[Source "Roberto Alvarez"]
[SourceDate "2003.10.06"]

1. d4 Nf6 2. c4 e6 3. Nc3 Bb4 4. e3 O-O 5. Bd3 d5 6. Nf3 c5 7. O-O Nc6 8. cxd5 exd5 9. dxc5 Bxc5 10. b3 Bg4 11. Bb2 a6 12. h3 Bh5 13. Rc1 Ba7 14. Be2 Bg6 15. Na4 Rc8 16. Nc5 Qe7 17. Nd3 Ne4 18. Nde5 Nxe5 19. Nxe5 Rxc1 20. Qxc1 Bf5 21. Qd1 Qd6 22. Bg4 Be6 23. Qe2 Rc8 24. Rd1 Nc3 25. Bxc3 Rxc3 26. Nd3 Bxg4 27. Qxg4 g6 28. g3 Qe6 29. Rd2 Qxg4 30. hxg4 d4 31. e4 Kf8 32. Kf1 Ke7 33. Ke2 Kd6 34. Rb2 Rc8 35. Kd2 Re8 36. e5+ Kd5 37. Rc2 Bb6 38. Rc1 Rh8 39. Re1 Ba5+ 40. b4 Bd8 41. a3 g5 42. a4 a5 43. e6 fxe6 44. Re5+ Kd6 45. bxa5 h5 46. gxh5 Rxh5 47. Rb5 Rh7 48. Nc5 Bc7 49. Nxb7+ Kc6 50. a6 Rh8 51. Rc5+ Kd7 52. Rxg5 Ra8 53. Nc5+ Kd6 54. Kd3 e5 55. Kc4 Bb6 56. Nb7+ Kc6 57. Rg6+ Kc7 58. Kb5 1-0

[Event "X Open"]
[Site "Dubai EAU"]
[Date "2008.04.10"]
[Round "5"]
[White "Guliev, Sarh"]
[Black "Ghaem Maghami, E."]
[Result "0-1"]
[WhiteElo "2487"]
[BlackElo "2604"]
[PlyCount "95"]
[EventDate "2008.04.07"]
[Source "www.chesslib.no"]
[SourceDate "2004.05.04"]

1. d4 Nf6 2. c4 e6 3. Nc3 Bb4 4. e3 c5 5. Bd3 Nc6 6. Nf3 O-O 7. O-O d5 8. a3 Ba5 9. h3 Re8 10. cxd5 exd5 11. dxc5 Bxc3 12. bxc3 Qa5 13. Rb1 Qxc5 14. Rb5 Qe7 15. c4 dxc4 16. Bxc4 a6 17. Rb6 Qc7 18. Rb2 Bf5 19. a4 Rad8 20. Bd2 Ne4 21. Qc1 Rd6 22. Ba2 Bxh3 23. gxh3 Rg6+ 24. Kh1 Qd7 25. Ng1 Ne5 26. Qd1 Qc6 27. Kh2 Nxd2 28. f3 Nxf1+ 29. Qxf1 Rxg1 30. Kxg1 Nxf3+ 31. Kf2 Qf6 32. Qc1 Ng5+ 33. Kg1 Nxh3+ 34. Kg2 Ng5 35. Rf2 Qe5 36. Qc4 Qxe3 37. Qg4 Qe4+ 38. Qxe4 Rxe4 39. Rf5 Re2+ 40. Rf2 Rxf2+ 41. Kxf2 a5 42. Ke3 Ne6 43. Bd5 b6 44. Bc6 Kf8 45. Ke4 Ke7 46. Kd5 Nc7+ 47. Ke5 f6+ 48. Kd4 0-1

[Event "URS-JUG"]
[Site "Tbilisi"]
[Date "1973.??.??"]
[Round "3"]
[White "Taimanov, Mark E"]
[Black "Parma, Bruno"]
[Result "1/2-1/2"]
[WhiteElo "2585"]
[BlackElo "2500"]
[PlyCount "53"]
[EventDate "1973.??.??"]
[Source "ChessBase"]

1. d4 Nf6 2. c4 e6 3. Nc3 Bb4 4. e3 c5 5. Bd3 O-O 6. Nf3 d5 7. O-O dxc4 8. Bxc4 Nc6 9. a3 Ba5 10. Ba2 cxd4 11. exd4 Bb6 12. Be3 Nd5 13. Qe2 Nce7 14. Rad1 Bd7 15. Ne5 Be8 16. Bc1 Rc8 17. Rd3 f6 18. Nc4 Rc6 19. Rfd1 Bg6 20. Rh3 Bc7 21. Qf3 Nxc3 22. bxc3 Qd5 23. Qe2 Qe4 24. Re3 Qh4 25. Rh3 Qe4 26. Re3 Qh4 27. Rh3 1/2-1/2

[Event "ISL Ch"]
[Site "Gardabaer ISL"]
[Date "1991.??.??"]
[Round "9"]
[White "Thorsteins, Karl"]
[Black "Olafsson, Helgi"]
[Result "1/2-1/2"]
[WhiteElo "2480"]
[BlackElo "2590"]
[PlyCount "88"]
[EventDate "1991.??.??"]
[Source "www.chesslib.no"]
[SourceDate "2004.05.04"]

1. d4 Nf6 2. c4 e6 3. Nc3 Bb4 4. e3 O-O 5. Bd3 c5 6. Nf3 d5 7. O-O dxc4 8. Bxc4 Nc6 9. a3 Ba5 10. Qd3 a6 11. Ne4 b5 12. Ba2 c4 13. Nxf6+ Qxf6 14. Qe4 Bb7 15. Bb1 g6 16. Ne5 Rfc8 17. Nd7 Qe7 18. Nc5 Ra7 19. Nxb7 Rxb7 20. Ba2 Rd7 21. b3 c3 22. Qd3 Qd8 23. b4 Bb6 24. Bb3 Ne7 25. a4 Nd5 26. Ba3 e5 27. axb5 exd4 28. exd4 axb5 29. Qxb5 Bxd4 30. Rad1 Nf6 31. Bc1 Ne4 32. Qe2 Qe7 33. Be3 Nd2 34. Ba4 Rdc7 35. Rfe1 Bxe3 36. Qxe3 Qxb4 37. Bc2 Qd6 38. h4 h5 39. Qh6 Qf6 40. Re3 Re7 41. Bxg6 fxg6 42. Rxe7 c2 43. Qh7+ Kf8 44. Rde1 c1=Q 1/2-1/2

[Event "mem"]
[Site "Casablanca mem"]
[Date "1995.??.??"]
[Round "12"]
[White "Rodriguez, Amador C"]
[Black "Nogueiras, Jesus"]
[Result "1/2-1/2"]
[WhiteElo "2520"]
[BlackElo "2550"]
[PlyCount "23"]
[EventDate "1995.??.??"]
[Source "www.chesslib.no"]
[SourceDate "2004.05.04"]

1. d4 Nf6 2. c4 e6 3. Nc3 Bb4 4. e3 O-O 5. Bd3 d5 6. Nf3 c5 7. O-O dxc4 8. Bxc4 Nc6 9. a3 Qxd4 10. Bd2 b5 11. Qa4 Bxc3 12. Ra2 1/2-1/2

[Event "It Open"]
[Site "It (open)"]
[Date "1971.??.??"]
[Round "?"]
[White "Evans, Larry M"]
[Black "Browne, Walter S"]
[Result "1-0"]
[WhiteElo "2550"]
[BlackElo "2510"]
[PlyCount "99"]
[EventDate "1971.??.??"]
[Source "www.chesslib.no"]
[SourceDate "2004.05.04"]

1. d4 Nf6 2. c4 e6 3. Nc3 Bb4 4. e3 O-O 5. Bd3 c5 6. Nf3 d5 7. O-O dxc4 8. Bxc4 Nc6 9. a3 Ba5 10. Qd3 cxd4 11. exd4 Bb6 12. Rd1 h6 13. h3 Qe7 14. Be3 Rd8 15. Qe2 Nd5 16. Rac1 Nxe3 17. fxe3 Bd7 18. Kh1 Be8 19. Ba2 Rac8 20. d5 Nb8 21. dxe6 fxe6 22. Rxd8 Rxd8 23. Qc4 Bd7 24. Ne5 Bc8 25. Qe4 Nc6 26. Ng6 Qf6 27. Nf4 Qe5 28. Nxe6 Bxe6 29. Bxe6+ Kh8 30. Qxe5 Nxe5 31. Nd5 Nd3 32. Rc2 Bc5 33. Rc3 Nf2+ 34. Kg1 Ne4 35. Rc4 Ng5 36. Rxc5 Nxe6 37. Rb5 b6 38. Nb4 Nc7 39. Rf5 Rd1+ 40. Rf1 Rd2 41. Rf2 Rd1+ 42. Kh2 Re1 43. Rf7 Nb5 44. Nd5 Re2 45. b3 Rd2 46. Rd7 Nxa3 47. Rd8+ Kh7 48. Nf6+ gxf6 49. Rxd2 Nb5 50. Rd5 1-0

[Event "GM Classic"]
[Site "Gausdal"]
[Date "2004.09.28"]
[Round "6"]
[White "Lugovoi, Aleksei"]
[Black "Palo, Davor"]
[Result "1/2-1/2"]
[WhiteElo "2540"]
[BlackElo "2513"]
[PlyCount "31"]
[EventDate "2004.09.23"]
[Source "Roberto Alvarez"]
[SourceDate "2004.10.05"]

1. d4 Nf6 2. c4 e6 3. Nc3 Bb4 4. e3 O-O 5. Bd3 d5 6. Nf3 c5 7. O-O Nc6 8. a3 dxc4 9. Bxc4 Ba5 10. Ba2 Bb6 11. dxc5 Bxc5 12. Qc2 Bd7 13. Rd1 Rc8 14. b4 Be7 15. Qd3 Qc7 16. Bb2 1/2-1/2

[Event "Festival - Open A"]
[Site "Porto San Giorgio ITA"]
[Date "2007.08.28"]
[Round "8"]
[White "Zaja, Ivan"]
[Black "Brkic, Ante"]
[Result "1/2-1/2"]
[WhiteElo "2484"]
[BlackElo "2558"]
[PlyCount "32"]
[EventDate "2007.08.21"]
[Source "www.chesslib.no"]
[SourceDate "2004.05.04"]

1. d4 Nf6 2. c4 e6 3. Nc3 Bb4 4. e3 O-O 5. Bd3 d5 6. Nf3 c5 7. O-O Nc6 8. cxd5 exd5 9. a3 Bxc3 10. bxc3 Qc7 11. h3 Re8 12. Nd2 c4 13. Bc2 Ne7 14. Qf3 Bd7 15. a4 Bc6 16. Ba3 Ng6 1/2-1/2

[Event "Master Tournament"]
[Site "Dortmund"]
[Date "1999.07.15"]
[Round "7"]
[White "Mikhalchishin, Adrian"]
[Black "Maric, Alisa"]
[Result "1/2-1/2"]
[WhiteElo "2552"]
[BlackElo "2489"]
[PlyCount "33"]
[EventDate "1999.07.09"]
[Source "ChessBase"]
[SourceDate "1999.10.01"]

1. d4 Nf6 2. c4 e6 3. Nc3 Bb4 4. Nf3 O-O 5. e3 d5 6. Bd3 c5 7. O-O Nc6 8. g3 Bxc3 9. bxc3 dxc4 10. Bxc4 Qc7 11. Qc2 e5 12. Nxe5 Nxe5 13. dxe5 Qxe5 14. f3 Bd7 15. a4 Bc6 16. e4 Rfe8 17. Be3 1/2-1/2

[Event "Jonsson Mem Open, Reykjavik ISL"]
[Site "?"]
[Date "2001.??.??"]
[Round "9"]
[White "Stefansson, H."]
[Black "Olafsson, H."]
[Result "1-0"]
[WhiteElo "2575"]
[BlackElo "2460"]
[PlyCount "61"]
[EventDate "2001.??.??"]
[Source "www.chesslib.no"]
[SourceDate "2004.05.04"]

1. d4 Nf6 2. c4 e6 3. Nc3 Bb4 4. e3 c5 5. Bd3 O-O 6. Nf3 d5 7. O-O Nc6 8. a3 Ba5 9. h3 dxc4 10. Bxc4 a6 11. Bd3 Qe7 12. Qe2 cxd4 13. exd4 Rd8 14. Be3 Bc7 15. Rfe1 h6 16. Rad1 Qf8 17. Bc4 Ne7 18. Ba2 Bd6 19. Ne5 Bd7 20. Bb1 Rac8 21. Ng4 Nf5 22. Nxf6+ gxf6 23. d5 Qg7 24. Bb6 Re8 25. Qe4 h5 26. Qe2 Qg5 27. dxe6 fxe6 28. Be3 Qg7 29. Qxh5 Nxe3 30. Rxe3 Rc5 31. Qg6 1-0

[Event "Belgrade IKO"]
[Site "Belgrade"]
[Date "1992.??.??"]
[Round "2"]
[White "Giorgadze, Giorgi"]
[Black "Abramovic, Bosko"]
[Result "1/2-1/2"]
[WhiteElo "2525"]
[BlackElo "2505"]
[PlyCount "108"]
[EventDate "1992.07.??"]
[Source "ChessBase"]

1. d4 Nf6 2. c4 e6 3. Nc3 Bb4 4. e3 d5 5. Bd3 c5 6. Nf3 Nc6 7. O-O O-O 8. cxd5 exd5 9. Ne5 Qc7 10. Nxc6 Qxc6 11. a3 Bxc3 12. bxc3 Bg4 13. f3 Bh5 14. a4 Bg6 15. Bb5 Qc7 16. Ba3 a6 17. Bd3 Rfe8 18. Bxg6 hxg6 19. Re1 c4 20. Qc2 Qc6 21. a5 Rab8 22. Bc5 Nd7 23. Bb4 f5 24. h3 Re6 25. g4 Rbe8 26. Qf2 Qc7 27. Kg2 Nb8 28. Bc5 Nd7 29. Bb4 Nb8 30. Bc5 Nc6 31. Bb6 Qe7 32. Bc5 Qf6 33. Bb6 fxg4 34. hxg4 Qg5 35. e4 dxe4 36. Kg3 e3 37. Qe2 Rf6 38. Qxc4+ Rf7 39. Bc7 Qe7 40. Bf4 Qf6 41. d5 Ne5 42. Qe4 Rff8 43. Qxe3 Nxf3 44. Qxf3 g5 45. Rad1 gxf4+ 46. Kg2 Qd6 47. c4 Rxe1 48. Rxe1 Qb4 49. Rd1 Qxc4 50. d6 Qe6 51. Rd4 Qe3 52. Rd3 Qe6 53. Rd4 Qe3 54. Rd3 Qe6 1/2-1/2

[Event "FRG-NED"]
[Site "Bad Aibling GER"]
[Date "1974.??.??"]
[Round "?"]
[White "Donner, Jan-Hein"]
[Black "Unzicker, Wolfgang"]
[Result "1/2-1/2"]
[WhiteElo "2495"]
[BlackElo "2535"]
[PlyCount "43"]
[EventDate "1974.??.??"]
[Source "www.chesslib.no"]
[SourceDate "2004.05.04"]

1. d4 Nf6 2. c4 e6 3. Nc3 Bb4 4. e3 O-O 5. Bd3 d5 6. Nf3 c5 7. O-O dxc4 8. Bxc4 Nc6 9. a3 Ba5 10. Ba2 Qe7 11. Qc2 cxd4 12. exd4 Rd8 13. Be3 h6 14. Rad1 Bxc3 15. Qxc3 Bd7 16. Rfe1 Rac8 17. Ne5 Nd5 18. Qd2 Nxe3 19. Rxe3 Be8 20. Nxc6 Bxc6 21. Rg3 Qh4 22. Bb1 1/2-1/2

[Event "Bad Wiessee (30.10.-07.11)"]
[Site "?"]
[Date "2004.11.06"]
[Round "8"]
[White "Bromberger Stefan"]
[Black "Khenkin Igor"]
[Result "0-1"]
[WhiteElo "2440"]
[BlackElo "2587"]
[PlyCount "98"]
[EventDate "2004.??.??"]
[Source "www.chesslib.no"]
[SourceDate "2004.05.04"]

1. d4 Nf6 2. c4 e6 3. Nf3 d5 4. Nc3 Bb4 5. e3 O-O 6. Bd3 c5 7. O-O Nc6 8. a3 Ba5 9. Na4 dxc4 10. Bxc4 cxd4 11. exd4 h6 12. Bf4 Bc7 13. Bxc7 Qxc7 14. Rc1 Qd6 15. Qd3 Rd8 16. Rfd1 b6 17. Nc3 Bb7 18. Ba6 Qd7 19. Bb5 a6 20. Ba4 Qd6 21. h3 Rac8 22. Bc2 Ne7 23. Qe2 Qf4 24. Qe3 Ned5 25. Nxd5 Nxd5 26. Qe4 Qxe4 27. Bxe4 Rxc1 28. Rxc1 Nf4 29. Re1 Bxe4 30. Rxe4 Nd5 31. Kf1 Rc8 32. h4 Kf8 33. g3 Ke7 34. Re2 Rc1+ 35. Re1 Rc2 36. Re2 Rc1+ 37. Re1 Rc4 38. Ne5 Rc2 39. Re2 Rc1+ 40. Re1 Rc8 41. Nd3 Kd6 42. Rc1 Rxc1+ 43. Nxc1 Nf6 44. Ke2 Kd5 45. Kd3 Ng4 46. f3 Nf2+ 47. Kc3 Nd1+ 48. Kc2 Nxb2 49. Kxb2 Kxd4 0-1

[Event "Gibraltar Masters"]
[Site "Catalan Bay"]
[Date "2004.02.04"]
[Round "9"]
[White "Lalic, Bogdan"]
[Black "Chandler, Murray"]
[Result "1/2-1/2"]
[WhiteElo "2518"]
[BlackElo "2508"]
[PlyCount "57"]
[EventDate "2004.01.27"]
[Source "Roberto Alvarez"]
[SourceDate "2004.02.09"]

1. d4 Nf6 2. c4 e6 3. Nc3 Bb4 4. e3 O-O 5. Bd3 c5 6. Nf3 d5 7. O-O Nc6 8. a3 Ba5 9. Na4 cxd4 10. exd4 dxc4 11. Bxc4 h6 12. Be3 Nd5 13. Bd3 Bc7 14. Nc3 Nce7 15. Bc2 b6 16. Qd3 f5 17. Nxd5 Nxd5 18. Bb3 Bb7 19. Rfe1 Qf6 20. Rac1 Bd6 21. Bd2 Qg6 22. g3 Rac8 23. Rxc8 Rxc8 24. Qe2 Re8 25. Ne5 Qf6 26. Qb5 Rd8 27. Qa4 Bxe5 28. Rxe5 f4 29. Qc4 1/2-1/2